| 000 | 01471nam0a2200361 4500 | ||
|---|---|---|---|
| 001 | RU\NLR\BIBL_A\022293949 | ||
| 005 | 20260420013219.0 | ||
| 010 |
_a978-5-7833-3328-6 _911 000 |
||
| 021 |
_aRU _bКН-П-24-037797 _9КН-П-24-3782 |
||
| 035 | _a(NLR Aleph) 022293949 | ||
| 090 |
_a13662395 _c13662395 |
||
| 100 | _a20240808d2024 c y0rusy50 ca | ||
| 101 | 0 | _arus | |
| 102 | _aRU | ||
| 105 | _aa z 000yy | ||
| 181 | 0 |
_ab3 _bxb2e |
|
| 181 | 0 |
_ai1 _bxxxe |
|
| 182 | 0 | _an | |
| 200 | 1 |
_aКошкин атлас _iРоссия _e[раскраска _eдля детей младшего школьного возраста _fхудожники: В. А. Жигарев, Р. Исматуллаев] |
|
| 203 |
_aИзображение _aТекст _bвизуальные _cнепосредственные |
||
| 210 |
_aМосква _cФламинго _d2024 |
||
| 215 |
_a[16] с. _cил., цв. ил. _d24 |
||
| 225 | 1 | _aРаскрась и узнай | |
| 309 | _aБез тит. л. Описано по обл. | ||
| 333 | _a0+ | ||
| 686 | 0 | _aШ9(2)60=Р7-8 | |
| 702 | 1 |
_4440 _7ca _8rus _aЖигарев _bВ. А. _cхудожник _f1941-2020 _gВячеслав Алексеевич _937899 _3RU\NLR\AUTH\7754967 |
|
| 702 | 1 |
_4440 _7ca _8rus _aИсматуллаев _bР. А. _cхудожник _gРустам А. _929021 _3RU\NLR\AUTH\7746086 |
|
| 942 | _cBOOK | ||
| 980 | _aNB | ||